[Event "RUS-Cup01 Chigorin Memorial"]
[Site "St Petersburg"]
[Date "1997.11.06"]
[Round "6"]
[White "Yandemirov, Valeri"]
[Black "Shchukin, Dmitry"]
[Result "1-0"]
[WhiteElo "2500"]
[BlackElo "2400"]
[Annotator "Har Zvi,R"]
[PlyCount "121"]
[EventDate "1997.11.01"]
[EventType "swiss"]
[EventRounds "9"]
[EventCountry "RUS"]
[SourceTitle "CBM 062"]
[Source "ChessBase"]
[SourceDate "1998.01.31"]
[SourceVersion "1"]
[SourceVersionDate "1998.01.31"]
[SourceQuality "1"]

1. e4 {Hecht} c5 2. Nf3 e6 3. Nc3 Nc6 4. Bb5 Nge7 5. O-O a6 6. Bxc6 Nxc6 7. d4
cxd4 8. Nxd4 Be7 9. Nxc6 dxc6 (9... bxc6 10. Qg4 Bf6 (10... O-O 11. Re1 Qc7 12.
e5 f6 13. Bf4 $16 d6 14. exd6 Bxd6 15. Bxd6 Qxd6 16. Qc4 $16 {[%csl Ra6,Rc6]
Zagrebelny,S-Almasi,I/Budapest 1992}) 11. Qg3 O-O 12. e5 Bh4 13. Qd3 f5 14. f4
Be7 15. Be3 Qa5 16. b3 c5 17. Na4 Rb8 18. c4 $14 {Vojinovic,G-Arakhamia,H/
Ikaros op 1995}) 10. Qg4 (10. e5 f5 (10... O-O 11. Qe2 Qc7 12. Bf4 c5 13. Ne4
Qc6 14. Rad1 b6 15. Bg5 Bxg5 16. Rd6 Qc7 17. Nxg5 $16) 11. exf6 Qxd1 12. Rxd1
gxf6 13. f4 Bd7 14. Be3 $36 {Onischuk,A-Fauland,A/Vienna op 1996;EXP 53}) 10...
O-O 11. e5 Qa5 (11... f5 12. exf6 Bxf6 13. Ne4 e5 14. Qe2 Bf5 15. Rd1 Qc7 16.
Be3 Bxe4 17. Qc4+ Bd5 18. Rxd5 Qf7 19. Rc5 $14 {Ristic,Nen-Kirov,N/Dortmund op
1988}) 12. Bg5 $1 {[%csl Rd6,Rf6] of course this is the bishop white wants to
exchange,since after the exchange of the dark squares bishop black will have
terrible weakness on d6 and c5 for example} Bxg5 13. Qxg5 f6 14. Qe3 Qxe5 15.
Qxe5 fxe5 16. Rad1 $5 {[%csl Rc8][%cal Gd1d8] now allowing black's bishop to
enter the game,but black found here a strong plan to activate his pieces} (16.
Rfe1 $5) 16... e4 $1 (16... b5 17. Rd6 (17. Ne4) 17... Bb7 18. Ne4 {[%cal
Ge4c5]}) 17. Nxe4 e5 18. Nd6 Bf5 19. Rd2 (19. Nxf5 Rxf5 20. Rd7 Rf7 21. Rfd1
Re8) (19. Nxb7 Rab8 (19... Bxc2 $6 20. Rd2 $16 {[%csl Ra6,Rc6,Re5]})) 19... b5
(19... Rad8 20. Rfd1 $140 {[%csl Rb7]} Bc8 21. Nxc8 Rxc8 22. Rd7) 20. Nb7 $5 a5
21. Re1 Ra7 22. Nc5 Re7 23. f3 b4 24. Ree2 e4 $2 {there is no question that
white is better,but still there was no reason at all to play this move which
just gives a pawn,I can not understand this move and I can not understand even
the slightest logic behind it?} (24... h6) 25. Nxe4 Bxe4 26. Rd4 $1 {of course,
there is no reason for white to destroy his pawn structure,moving the "f" pawn
to the "e" file} c5 27. Rdxe4 Rxe4 28. Rxe4 {[#] Hecht: Nach dem Abräumen von
drei Bauern auf jeder Seite entsteht ab Zug 41 der Typ Freiabauer am
Damenflügel sowie 2-2 Bauern am Königsflügel. Wegen der sehr guten Turm- und
Königsposition von Weiß ist das Endspiel für Schwarz verloren. Ich weise auf
den Fehler 35....b3? hin.} Rd8 29. Rc4 $1 Rd1+ (29... Rd5 30. Kf2 $16) 30. Kf2
Ra1 (30... Rd2+ 31. Kf1) 31. b3 Rxa2 32. Ke3 (32. Rxc5 $2 a4 33. bxa4 (33. Kg3
axb3 34. cxb3 Rb2) 33... b3 34. Ke2 bxc2 35. Kd2 Rxa4 36. Kxc2 $11) 32... a4 (
32... Ra3 33. Ke2 Ra2 34. Kd3) 33. bxa4 Rxa4 34. Rxc5 Ra3+ 35. Kd2 b3 $2 {
this move is losing immediately,white gets a pass pawn [ "c" ] and manages to
cut black's king along the "d" file it means things are over!} (35... Ra1) (
35... Ra1 $142 {[%csl Rg2,Rh2][%cal Ra1g1] Hecht Hecht: mit der Textfolge
verliert Schwarz ein Tempo!} 36. Rc4 Rg1 37. g3 Rg2+ 38. Kd3 Rxh2 39. Rxb4 Rh3
40. Rg4 h5 41. Rg5 h4 42. gxh4 Rxf3+ 43. Kd2 Rh3 {Hecht: nebst Kf7 und
ordentlichen Remisaussichten}) 36. Rc3 b2 37. Rc8+ Kf7 38. Rb8 Ra1 39. Rxb2 Rg1
40. c4 $1 $18 {the key move,white will win a tempi,but threatening rook
exchanges,while at the same time opens lines for his rook the second rank!}
Rxg2+ 41. Kc3 {Hecht: Die Stellungsmerkmale sprechen für einen weißen Gewinn:
1. König am Freibauer, 2. Turm in optimaler Position, bereit, den schwarzen
König von d2 aus vertikal vom Freibauern abzusperren und ggfs. hinter den
Freibauern zu gehen (c2). Zusätzlich wird der Königsflügel verteidigt.} Rg5 42.
Kb4 Rf5 43. c5 Ke7 44. Rd2 {[%csl Re7][%cal Gd1d8]} Rf4+ (44... Rxf3 {Hecht}
45. c6 Rf1 46. Kb5 {wie in der Partie}) 45. Kb5 Rxf3 46. c6 {the rest is not
too complicated} Rb3+ 47. Ka6 h5 48. c7 Ra3+ 49. Kb7 Rb3+ 50. Kc8 g5 51. Rd7+
Ke6 (51... Ke8 52. Rd5) 52. Kd8 Rc3 53. Rd4 {Hecht: nicht erforderliche
Umsicht. Man sehe} (53. c8=Q {Hecht} Rxc8+ 54. Kxc8 Ke5 (54... Kf5 55. Rd4) 55.
Rh7 h4 56. h3 Kf4 57. Rg7 Kg3 58. Rxg5+ Kxh3 59. Kd7 Kh2 60. Ke6 h3 61. Kf5 Kh1
62. Kf4 h2 63. Kg3 Kg1 64. Kh3+ Kh1 65. Ra5 $18) 53... Ke5 54. Rb4 Rd3+ 55. Ke7
Rc3 56. Kd7 Rd3+ 57. Kc6 Rc3+ 58. Kb7 Kf5 59. c8=Q+ Rxc8 60. Kxc8 g4 (60... h4
{Hecht} 61. h3 $18) 61. Rb5+ (61. Rb5+ {Hecht} Kg6 62. Kd7 h4 63. Ke6 g3 64.
hxg3 hxg3 65. Rb3 $18) 1-0

[Event "EU-Cup 13th Group6"]
[Site "Heraklion"]
[Date "1997.10.12"]
[Round "3"]
[White "Georgiev, Krum"]
[Black "Krasenkow, Michal"]
[Result "0-1"]
[WhiteElo "2530"]
[BlackElo "2645"]
[Annotator "Har Zvi,R"]
[PlyCount "30"]
[EventDate "1997.10.10"]
[EventType "team-k.o."]
[EventRounds "3"]
[EventCountry "GRE"]
[SourceTitle "EXT 2020"]
[Source "ChessBase"]
[SourceDate "2019.10.17"]
[SourceVersion "1"]
[SourceVersionDate "2019.10.17"]
[SourceQuality "1"]
[WhiteTeam "Heraklion"]
[BlackTeam "Azov Ladya"]
[WhiteTeamCountry "GRE"]
[BlackTeamCountry "RUS"]

1. e4 {Horvath,T} c5 2. Nf3 Nc6 3. Bb5 e6 4. b3 Nge7 5. Bb2 Ng6 6. h4 $6 $146 {
a novelty,but I am not sure how many times we will see this move,since this
game was not very easy for white...} (6. O-O) 6... h5 7. g3 d5 8. O-O $2 {
a serious mistake in my view,the pawn on "e4" is very important taking the
"f5" and the "d5" squares from black that's why I think white has to play 8.d3}
(8. exd5 {Horvath,T} exd5 9. O-O Bg4 10. Re1+ Be7 11. Bxg7 Rg8 12. Bxc6+ bxc6
13. Bf6 Kf8 $44) (8. Qe2 $5 {Horvath,T} dxe4 (8... d4 9. Bxc6+ bxc6 10. d3 e5
11. Nbd2 $13) 9. Bxc6+ bxc6 10. Qxe4 Bd7 11. Nc3 $14) 8... dxe4 9. Ng5 Be7 $40
{now it is already very clear that in only 9 moves white managed to give black
a strong initiative} 10. Nxe4 (10. Bxg7 Rg8 11. Bh6 (11. Bb2 Bxg5 12. hxg5 Qxg5
) 11... Bf6 12. Nc3 Rh8 13. Qxh5 Bg7 14. Ngxe4 Rxh6 15. Qxc5 Nge7 (15... Nxh4
16. Nd6+ Kd7 17. Nxf7 Nf3+ 18. Kg2 Rh2+ 19. Kxf3 Qf6+ 20. Ke2 Qxf7 21. Rh1 $36)
) 10... f5 11. Nec3 (11. Ng5 Bxg5 12. hxg5 Qxg5 13. Bxg7 Rg8 14. Bxc6+ bxc6 15.
Qf3 Bd7 16. Bb2 h4 $40) 11... Bd7 12. Be2 {Logisch,aber nicht gut.} Bxh4 $1 13.
Na4 (13. Bxh5 Qg5 14. Bxg6+ (14. Bf3 {Horvath,T} Bxg3 15. fxg3 Qxg3+ 16. Bg2
Qh2+ 17. Kf2 Nf4 18. Qf3 Ne5 19. Qg3 Nh3+ $19) 14... Qxg6 15. Kg2 Nd4 $19) (13.
gxh4 Qxh4 14. Bf3 Nge5 $1 (14... Nf4 15. Ne2 $1) 15. Re1 Ng4 16. Re2 Nd4 17.
Bxb7 Qh2+ 18. Kf1 Qh3+ 19. Kg1 (19. Bg2 Nh2+ 20. Kg1 Ndf3+ 21. Kh1 Qh4) (19.
Ke1 Nh2 $19) 19... Bc6 $1 $19 20. Bxc6+ Nxc6 21. Rxe6+ Kf7 22. Qf3 Nd4 23. Re7+
Kxe7 24. Nd5+ Kd6 $19) 13... Qg5 {the game is over} 14. Kh2 Nce5 15. Nxc5 (15.
Bxe5 {Horvath,T} Nxe5 16. Nxc5 f4 $19 (16... f4 17. gxh4 Qxh4+ 18. Kg2 Bc6+ 19.
f3 Qg3+ 20. Kh1 Ng4)) 15... f4 (15... f4 16. Rg1 (16. Ne4 fxg3+ 17. fxg3 Bxg3+
18. Nxg3 Qh4+) 16... Ng4+ 17. Bxg4 hxg4) 0-1

[Event "EU-Cup 13th Group7"]
[Site "Krynica"]
[Date "1997.09.15"]
[Round "1"]
[White "Pedzich, Dominik"]
[Black "Kogan, Artur"]
[Result "1-0"]
[WhiteElo "2465"]
[BlackElo "2500"]
[Annotator "Har Zvi,R"]
[PlyCount "71"]
[EventDate "1997.09.15"]
[EventType "team-k.o."]
[EventRounds "3"]
[EventCountry "POL"]
[SourceTitle "EXT 2020"]
[Source "ChessBase"]
[SourceDate "2019.10.17"]
[SourceVersion "1"]
[SourceVersionDate "2019.10.17"]
[SourceQuality "1"]
[WhiteTeam "Warszawa Polonia"]
[BlackTeam "Petah-Tikva Elitzur"]
[WhiteTeamCountry "POL"]
[BlackTeamCountry "ISR"]

1. e4 c5 2. Nf3 Nc6 3. Bb5 e6 4. O-O Nge7 5. Re1 a6 6. Bxc6 Nxc6 7. d4 cxd4 8.
Nxd4 Qc7 (8... d6 9. Nxc6 (9. Nc3 Bd7 10. Nxc6 Bxc6 11. Qg4 (11. Bf4 Be7 12.
Qg4 O-O 13. Rad1 Qb6 14. Nd5 Bxd5 15. exd5 f5 16. Qg3 e5 17. Qb3 Qxb3 18. axb3
Rfc8 $15 {Makarichev,S-Sveshnikov,E/Tallin rapid Cup-URS 1988}) 11... h5 12.
Qg3 h4 13. Qg4 h3 14. g3 Qa5 15. Bg5 Kd7 16. Rad1 f6 17. Bf4 Qh5 18. Qxh5 Rxh5
$13 {[%emt 0:00:46] Nikolenko,O-Cherniaev,A/Vladivostok op 1995;EXP}) 9... bxc6
10. Qg4 e5 (10... Qf6 11. e5 dxe5 12. Nc3 Be7 13. Re3 O-O 14. Qe2 g6 15. Rxe5
Qg7 $13 {/+/ = Giorgadze,T-Sveshnikov,E/URS-ch47 Minsk 1979}) 11. Qg3 g6 12. b3
Be7 13. Bh6 f5 14. exf5 Bxf5 15. Nd2 Bf8 16. Bxf8 Kxf8 17. Nc4 $18 {Tal,
M-Dorfman,J/Tallin rapid cup-URS 1988}) 9. Nxc6 bxc6 (9... dxc6 10. e5 c5 11.
Nd2 Be7 12. Qg4 $36) 10. e5 Bb7 (10... d5 11. exd6 Bxd6 12. h3 O-O 13. Nd2) 11.
Nd2 d6 (11... Be7 12. Nc4 O-O (12... c5 13. Qg4) 13. Qg4 f5 (13... f6 14. Bh6
$1 (14. exf6 $6 Rxf6) 14... Rf7 15. exf6 Bxf6 16. Bf4 $36) 14. Qg3 {with the
idea of Bg5 exchanging the bishops seems better for what}) 12. exd6 Bxd6 13.
Qh5 O-O 14. Nc4 c5 (14... Be7 15. Qg4 $1) 15. Bd2 Rad8 $6 (15... Bd5 16. Nxd6
Qxd6 $10) 16. Bc3 Bf4 (16... Qc6 17. Qg4 g6 18. Na5 Qc7 19. Qh4 e5 (19... Be7
20. Qh6) 20. Nxb7 Qxb7 21. Qf6 Rfe8 22. Rxe5 Bxe5 23. Bxe5 Rxe5 24. Qxd8+ Kg7
25. b3 $18) 17. Qg4 f5 (17... Bxh2+ $142 $5 18. Kh1 f5 (18... g6 $5 19. Qh4 Bf4
20. Qf6 Rd4 $8 (20... e5 21. Nxe5 $18) 21. Bxd4 cxd4 22. Qxd4 Rd8 $44) 19. Qh3
(19. Qxg7+ Qxg7 20. Bxg7 Kxg7 21. Kxh2 Rd4 $36) 19... Bf4 20. Ba5 Qe7 21. Bxd8
Rxd8 $44) 18. Qh4 {now there is no questuon,with such weakness on e5 and weak
pawn on "e6"white is better here} Rd7 19. f3 (19. Rxe6 $2 Bd5 20. Be5 Bxe5 (
20... Qa7 $5 21. Qxf4 Bxe6 22. Nd6 $44) 21. Rxe5 Bxg2 $1 22. Kxg2 Rd4 23. Qe7
Qc6+ 24. f3 Rg4+ 25. Kf2 Rxc4 $36) 19... h6 20. Re2 Bc6 (20... Bd5 21. Ne5 Bxe5
22. Bxe5 $14) (20... Bg5 21. Qf2) 21. a4 Qb8 22. Rae1 {why to give the "a"
pawn??} (22. b3) 22... Bxa4 23. Rxe6 Bg5 $2 {this move I can not understand,
why not to take simply the pawn on "c2"??} (23... Bxc2 24. Ne5 (24. Be5 Qb4 (
24... Bxe5 $6 25. Nxe5 $36)) 24... Bxe5 25. R6xe5 (25. Bxe5 Qb4) 25... Qb6 26.
Re7 Rxe7 27. Rxe7 Rf7 $10) 24. Qf2 $16 {so now it is impossible to take the
"c2" pawn!} Bb5 (24... Bf4 25. Ne5) 25. Nb6 Rd6 26. Qxc5 Rxe6 27. Rxe6 Qf4 28.
Nd5 $5 (28. Re1 $16) 28... Qc1+ 29. Re1 Qxc2 30. Qd4 (30. Nc7 $5 Bh4 31. g3 Bf6
32. Nxb5 axb5 33. Qxb5 Bxc3 34. Qc4+) 30... Rf7 $2 {decisive mistake,black had
to play 30... Bf6 since now he allowes white to win a tempi by h4 which gives
space to white's king and ends the game} (30... Bf6 31. Nxf6+ Rxf6 32. Qd5+ Rf7
33. h3 $16) 31. h4 $1 $18 Bf6 32. Nxf6+ gxf6 (32... Rxf6 33. Re7 $18) 33. Qd8+
Kg7 (33... Rf8 34. Qd5+ Kg7 35. Re7+ Kg6 36. Qd6 $18) 34. Re7 Qc1+ 35. Kh2 Qf4+
36. Kh3 (36. Kh3 Qc4 37. Bxf6+ Kxf6 38. Rc7+) 1-0

[Event "RUS-Cup01 Chigorin Memorial"]
[Site "St Petersburg"]
[Date "1997.11.05"]
[Round "5"]
[White "Sveshnikov, Evgeny"]
[Black "Saltaev, Mihail"]
[Result "1-0"]
[WhiteElo "2570"]
[BlackElo "2490"]
[Annotator "Har Zvi,R"]
[PlyCount "74"]
[EventDate "1997.11.01"]
[EventType "swiss"]
[EventRounds "9"]
[EventCountry "RUS"]
[SourceTitle "CBM 062"]
[Source "ChessBase"]
[SourceDate "1998.01.31"]
[SourceVersion "1"]
[SourceVersionDate "1998.01.31"]
[SourceQuality "1"]

1. e4 c5 2. Nf3 Nc6 3. Bb5 e6 4. O-O Nge7 5. c3 a6 6. Ba4 b5 7. Bc2 Bb7 8. d4
cxd4 9. Nxd4 Ng6 10. f4 Be7 11. Be3 O-O 12. Nd2 Nxd4 $146 13. cxd4 f5 14. d5 (
14. exf5 Nh4 (14... exf5) 15. fxe6 Nxg2 {this leads to a force draw,15...Bxg2
is interesting} (15... Bxg2 16. Rf2 Bh3 17. exd7 Qxd7 $44) 16. Qh5 g6 (16... h6
$4 17. Qg6) 17. Bxg6 hxg6 18. Qxg6+ Kh8 19. Qh6+ $11) (14. e5 Bb4 $1 {[%cal
Gg6e7,Gb4a5,Ga5b6,Ge7d5]}) 14... fxe4 (14... Qc7 $5) 15. Bxe4 (15. dxe6 d5 16.
Nb3 Bd6 17. g3 (17. f5 Ne5 {[%cal Ge5c4]}) 17... Qe7 $36 {[%csl Re6]}) 15...
Bxd5 (15... exd5 16. Qb3) 16. Bxd5 exd5 17. Nb3 {I am not sure about this move,
since as we will see in some variations the knight is not placed good at all
on "b3" and should stay on "f3" that's why Iwant to start with 17.f5} (17. f5
$142 Ne5 (17... Nh4 18. Nb3 $14) 18. Nf3 $5 (18. Nb3 Kh8 19. Qxd5 Ng4 (19...
Nc4) 20. Bd4 Qc7 $132) 18... Nxf3+ (18... Ng4 19. Qxd5+ Kh8 20. Bd4 $14) 19.
Qxf3 Bf6 20. Qxd5+ Kh8 $11 {/+/=}) 17... Kh8 18. Qxd5 Bf6 19. Nc5 (19. Bd4 $5)
19... Bxb2 20. Rad1 Qe7 21. Qb3 $6 {this allowes black a nice tactical idea,
better was 21.Rf3} (21. Rf3 Nh4 (21... Rfd8 $5) 22. Rh3 Nf5 23. Bf2 $36) 21...
Nxf4 $1 22. Rfe1 (22. Rf2 $142 {this may lead to a draw} Be5 23. Nxd7 Rf5 24.
Qc2 Qe6 25. Nxe5 Qxe5 26. Rdf1 g5 27. Bc1 (27. Bd4 $2 Ne2+ $1 28. Qxe2 Qxd4 $17
) 27... Qc5 $1 28. Qxc5 Rxc5 29. Bxf4 gxf4 30. Rxf4 $11) 22... Nxg2 $4 {
unbelieveable! why,what for,what happened...after 22...Be5 it seems black is
simply better and after the movein the game simply losing} (22... Be5 23. Nxd7
Rfe8 24. Bxf4 Bd4+ 25. Kf1 Qxd7 26. Rxe8+ Rxe8 27. Qd3 Rd8 $17) 23. Kxg2 Qf6
24. Qd5 Rae8 (24... Rad8) 25. Nxd7 Qg6+ 26. Kh1 {the game is over here} Rf5 27.
Qg2 Qf7 28. Bg1 Bc3 (28... Rxe1 29. Rxe1 Qxd7 30. Qa8+) 29. Rxe8+ Qxe8 30. Nc5
h6 31. Nxa6 Qc8 32. Rd6 b4 33. Rc6 Qe8 34. Nc7 Qf7 35. Ne6 Qd7 36. Ra6 Kh7 37.
Nc5 Qd1 {and black resigned here,not waiting to Qg6 by white} 1-0

[Event "CHN-RUS Summit Juniors 1st"]
[Site "Shanghai"]
[Date "2001.09.08"]
[Round "2"]
[White "Ni, Hua"]
[Black "Smirnov, Pavel"]
[Result "1-0"]
[WhiteElo "2568"]
[BlackElo "2530"]
[Annotator "Hecht,H"]
[PlyCount "169"]
[EventDate "2001.09.07"]
[EventType "schev"]
[EventRounds "6"]
[EventCountry "CHN"]
[SourceTitle "CBM 085"]
[Source "ChessBase"]
[SourceDate "2001.11.13"]
[SourceVersion "1"]
[SourceVersionDate "2001.11.13"]
[SourceQuality "1"]

1. e4 c5 2. Nf3 Nc6 3. Bb5 e6 4. O-O Nge7 5. c3 d5 6. e5 Bd7 7. Ba4 c4 8. Re1
Ng6 9. Bc2 Bc5 10. d4 cxd3 11. Qxd3 f6 12. exf6 gxf6 13. Qxd5 Qb6 14. Qd2 Nge5
15. Nxe5 Nxe5 16. b4 Bd6 17. Qe2 O-O-O 18. Nd2 Rhg8 19. Nc4 Nxc4 20. Qxc4+ Qc6
21. Qxc6+ Bxc6 22. g3 Be5 23. Bb3 Rge8 24. Rb1 Bxc3 25. Rxe6 Be4 26. Rxe8 Rxe8
27. Bf7 Bxb1 28. Bxe8 Bxa2 29. Ba3 Bc4 30. Ba4 b5 31. Bc2 h6 32. f3 Kd7 33. h4
Ke7 34. g4 Be1 35. h5 Kf7 36. Kg2 Kg7 37. f4 Bd5+ 38. Kh3 Be6 39. Bd3 Bd7 40.
Bc2 a5 41. bxa5 Bxa5 42. Bb2 Bd2 43. Kg3 Be8 44. Kf3 Bc6+ 45. Be4 Bd7 46. Bd5
b4 47. Bb3 Bc6+ 48. Kg3 Be4 49. Bd4 Be1+ 50. Kh3 Bc3 51. Be3 Bh7 52. f5 Bg8 53.
Bxh6+ Kh7 54. Bxg8+ Kxg8 {[#] Merkwürdiger Vorgang. Schwarz verschmäht das
klare Remis und überzieht.} 55. Bc1 b3 56. Kh4 (56. g5 $2 fxg5 57. Kg4 Kh7 58.
f6 (58. Kxg5 Bd2+ $19) 58... Bxf6 59. Kf5 Bc3 60. Kg4 Bd2 61. Bb2 Kh6 62. Ba3
Bc3 63. Bf8+ Bg7 64. Ba3 b2 $19) 56... Kf7 $6 (56... b2 57. Bxb2 Bxb2 58. g5
$11) 57. Ba3 Bd2 58. Bb2 Bf4 59. Ba3 Ke8 60. Bb2 Ke7 61. Ba3+ Bd6 62. Bb2 Bf4
63. Ba3+ Kf7 64. Bb2 Bg5+ $2 {Schwarz überzieht!} (64... Kg7 65. Kh3 $2 (65.
Ba3 Kh7 66. Bb2 Be5 67. Bc1 $11) 65... Be5 $1 $19) 65. Kg3 Ke7 66. Kf3 Kd6 67.
Ke4 Kc5 68. Kd3 Kd5 69. Bd4 Kc6 70. Kc4 Kd6 71. Bc3 Ke7 (71... Kc6 72. Kxb3 Kd5
73. Kc2 Ke4 74. Bd2 Kf3 75. Bxg5 Kxg4 76. Bxf6 Kxf5 77. Be7 $18) 72. Kxb3 {
Der Rest ist Technik} Kf7 73. Kc4 Bf4 74. Kd5 Bc1 75. Bd4 Bf4 76. Ke4 Bg5 77.
Be3 Bh4 78. Kd5 Bg3 79. h6 Bc7 80. Bd4 Bf4 81. h7 Kg7 82. Bxf6+ Kxh7 83. g5 Kg8
84. Ke6 Bc1 85. g6 1-0

[Event "RUS-Cup3"]
[Site "Omsk"]
[Date "1996.??.??"]
[Round "6"]
[White "Minasian, Ara"]
[Black "Aronian, Levon"]
[Result "1/2-1/2"]
[WhiteElo "2425"]
[BlackElo "2390"]
[Annotator "Hecht,H"]
[PlyCount "96"]
[EventDate "1996.12.13"]
[EventType "swiss"]
[EventRounds "9"]
[EventCountry "RUS"]
[SourceTitle "CBM 057"]
[Source "ChessBase"]
[SourceDate "1997.04.01"]
[SourceVersion "1"]
[SourceVersionDate "1997.04.01"]
[SourceQuality "1"]

1. e4 c5 2. b3 Nf6 3. e5 Nd5 4. Bb2 Nc6 5. Nf3 d6 6. Bb5 Bd7 7. exd6 e6 8. O-O
Bxd6 9. d4 O-O 10. dxc5 Bxc5 11. Nbd2 Be7 12. Ne4 Nc7 13. Be2 f6 14. Nd6 Ne8
15. Nxe8 Bxe8 16. Bc4 Bf7 17. Qe2 Qc8 18. Rfe1 e5 19. Rad1 Qg4 20. Bxf7+ Rxf7
21. h3 Qe6 22. Nd4 Nxd4 23. Rxd4 Rff8 24. Qe4 Rac8 25. c4 Bc5 26. Qd5 Qxd5 27.
Rxd5 Rfd8 28. Red1 Rxd5 29. Rxd5 Rc7 30. Kf1 Kf7 31. Ke2 Ke6 32. Rd8 Rd7 33.
Rxd7 Kxd7 {[#] Gehemmte bzw. teilblockierte Mehrheiten auf den Flügeln.  Weiß
erhält einen entfernten Freibauern auf Kosten eines schlechten Läufers.
Schwawrze Bauernsperre im Zentzrum  ==> Remis} 34. f3 Bd6 35. Bc3 h5 36. b4 b6
37. Kd3 f5 38. a4 g6 39. Bd2 a6 40. Kc3 Kc6 41. Be3 b5 42. cxb5+ axb5 43. a5
Be7 44. a6 Bh4 45. Bc5 Be1+ 46. Kd3 Bg3 47. Ke2 Bf4 48. Kf2 Bg5 1/2-1/2

[Event "Jakarta Gunadarma"]
[Site "Jakarta"]
[Date "1996.??.??"]
[Round "4"]
[White "Lioe, Dede"]
[Black "Portisch, Lajos"]
[Result "0-1"]
[WhiteElo "2405"]
[BlackElo "2600"]
[Annotator "Hecht,H"]
[PlyCount "206"]
[EventDate "1996.10.15"]
[EventType "tourn"]
[EventRounds "9"]
[EventCountry "INA"]
[EventCategory "13"]
[SourceTitle "CBM 056"]
[Source "ChessBase"]
[SourceDate "1997.02.01"]
[SourceVersion "1"]
[SourceVersionDate "1997.02.01"]
[SourceQuality "1"]

1. e4 {Endspiel-CD} c5 2. Nf3 e6 3. d3 Nc6 4. g3 d6 5. Bg2 Nf6 6. O-O Be7 7.
Nbd2 O-O 8. c3 Bd7 9. Re1 Qc7 10. Ng5 h6 11. Nh3 Ne5 12. Nc4 Nxc4 13. dxc4 Bc6
14. Nf4 Rad8 15. Qe2 Rfe8 16. b4 b6 17. Bb2 Nd7 18. b5 Bb7 19. Rad1 {[#]} a6 $1
{Schwäche c4} 20. a4 Ra8 21. Bc1 axb5 22. axb5 Ra4 23. Bh3 Bf8 24. Qc2 Ra7 (
24... Rxc4 25. Bf1) 25. Nd3 Rea8 26. f4 Ra2 27. Nb2 Rd8 28. Bg2 Be7 29. Rd3 e5
30. f5 Bg5 31. Bf3 Bxc1 32. Qxc1 Nf6 33. g4 Qe7 34. Nd1 Rda8 35. Nf2 Ne8 36.
Rd2 R2a4 37. Bd1 Ra1 38. Qc2 Qh4 39. Kg2 h5 40. h3 Nf6 41. Re3 Qg5 42. Qd3 hxg4
43. hxg4 R1a2 44. Bf3 Ra1 45. Nh3 Qh4 46. Nf2 Qh6 47. Ree2 Ne8 48. Re3 Rc1 49.
Rd1 Rxd1 50. Bxd1 Ra2 51. Re2 Ra3 52. Qe3 Qxe3 53. Rxe3 Nf6 54. Kf1 Kf8 55. Ke1
Ra2 56. Bf3 Nh7 57. Be2 Ng5 58. Bd3 Ke7 59. Kf1 Kf6 60. Kg2 Ra1 61. Nh3 Ra2+
62. Nf2 Ke7 63. Kg3 f6 64. Re1 Ra3 65. Nd1 Ra1 66. Kf2 Nxe4+ 67. Bxe4 Bxe4 68.
Rxe4 Rxd1 69. Ke2 Rg1 70. Kf2 Rc1 71. Re3 Rd1 72. Rh3 d5 73. Rh7 Kf7 74. Ke2
Rg1 75. cxd5 Rxg4 76. Rh8 Ke7 77. Rb8 Kd6 78. Rd8+ Kc7 79. Re8 Rf4 80. Re6 Rxf5
81. Rc6+ Kb7 82. d6 e4 83. Ke3 Re5 84. c4 Re8 85. Rc7+ Kb8 86. Rxg7 Rd8 87. d7
Kc7 88. Kxe4 Rxd7 89. Rxd7+ Kxd7 90. Kd5 Ke7 91. Kc6 f5 92. Kxb6 f4 93. Ka7 f3
94. b6 f2 95. b7 f1=Q 96. b8=Q Qxc4 {[#]_|_ Hecht Remis lt. Endspiel-CD
Lehrreiches Elementarendspiel durch die Kontrolle der guten und schlechten
Züge mit der Endspiel-CD} (96... Qa1+ 97. Kb7 Qb2+ 98. Kc8 Qxb8+ 99. Kxb8 Kd6
100. Kb7 Ke5 $2 101. Kc6 Kd4 102. Kb5 $18) 97. Qe5+ Kd7 {[%cal Ge5g7,Rd7c6,
Rc6b5,Gg7b7]} 98. Qf5+ $2 {Verliert in 50 Zügen lt. Endspiel-CD} (98. Qg7+ $1
$11 Kc6 99. Qb7+ $1) (98. Kb7 $11 {Endspiel-CD}) (98. Kb6 $11 {Endspiel-CD})
98... Kc6 99. Qg6+ Kb5 100. Qe8+ Kb4 $2 (100... Ka5 $1 $19 {Endspiel-CD}) 101.
Kb6 $1 $11 Qf1 102. Qe7 (102. Qc6 $11) (102. Qe5 $11) 102... Qb5+ 103. Ka7 $2 {
Verliert in 43 Zügen lt. Endspiel-CD} (103. Kc7 $1 $11) (103. Kc7 $11 {
Endspiel-CD} Ka4 104. Qf6 (104. Qe5 $11) (104. Qg7 $4 Qd3 105. Qa1+ Kb3 $19)
104... Qd3 105. Qc6+ Kb4 106. Qb6+ $11) 103... Ka4 $19 {.. weitere Züge fehlen
leider. Tip: Behelfen Sie sich doch mit der Endspiel-CD!} 0-1